| 000 | 01451cam a22003855a 4500 | ||
|---|---|---|---|
| 001 | 17951458 | ||
| 005 | 20160817132923.0 | ||
| 008 | 131122t2013 enka frb 001 0 eng d | ||
| 020 | _a1780761031 (pbk.) | ||
| 020 | _a9781780761039 (pbk.) | ||
| 040 |
_aUKMGB _beng _cUKMGB _dEG-ScBUE _eEG-ScBUE |
||
| 043 |
_aa-le--- _aa-is--- _aawba--- |
||
| 082 | 0 | 4 |
_a303.6095692 _222 _bNAR |
| 245 | 0 | 0 |
_aNarrating conflict in the Middle East : _bdiscourse, image and communications practices in Lebanon and Palestine / _cedited by Dina Matar and Zahera Harb. |
| 260 |
_aLondon ; _aNew York : _bI. B. Tauris, _cc.2013. |
||
| 300 |
_ax, 276 p. : _bill. ; _c22 cm. |
||
| 500 | _aIndex : p. 271-276. | ||
| 504 | _aIncludes bibliographical references. | ||
| 650 | 0 |
_aMass media and war _zPalestine. _2BUEsh |
|
| 650 | 0 |
_aMass media and war _zLebanon. _2BUEsh |
|
| 650 | 0 |
_aSocial conflict _zPalestine. _2BUEsh |
|
| 650 | 0 |
_aSocial conflict _zLebanon. _2BUEsh |
|
| 650 | 0 |
_aWar and literature _zLebanon. _2BUEsh |
|
| 650 | 0 |
_aWar and literature _zPalestine. _2BUEsh |
|
| 650 | 0 |
_aArt and war. _2BUEsh |
|
| 650 | 0 |
_aSocial conflict in mass media. _2BUEsh |
|
| 650 | 0 |
_aSocial conflict in art. _2BUEsh |
|
| 650 | 0 |
_aSocial conflict in literature. _2BUEsh _930530 |
|
| 651 | _2BUEsh | ||
| 653 |
_bCOMAME _cJune2015 _cNovember2015 |
||
| 653 |
_bBUSBOL _cMay2016 |
||
| 700 | 1 |
_aMatar, Dina, _eeditor. |
|
| 700 | 1 |
_aHarb, Zahera, _eeditor. |
|
| 942 |
_2ddc _k303.6095692 NAR |
||
| 999 |
_c19909 _d19881 |
||